| 000 | 01523 a2200241 4500 | ||
|---|---|---|---|
| 001 | 14652 | ||
| 005 | 20260407155448.0 | ||
| 008 | 260407a1995 arg spa d | ||
| 003 | AR-UNSa-BCEJYS | ||
| 040 |
_aAR-UNSa-BCEJYS _bspa _cAR-UNSa-BCEJYS |
||
| 080 |
_a330.101.542 _xMicroeconomÃa |
||
| 245 | 1 | 0 | _aMicroeconomic theory |
| 020 | _a978-0-19-507340-9 | ||
| 264 | 1 |
_aNew York : _bOxford University Press _c1995 |
|
| 300 |
_axvii, 981 p. _c26 cm. |
||
| 505 | _a1. Preference and choice - 2. Consumer choice - 3. Classical demand theory - 4. Aggregate demand - 5. Production - 6. Choice under uncertainty - 7. Basic elements of noncooperative games - 8. Simultaneous-move games - 9. Dynamic games - 10. Competitive markets - 11. Externalities and public goods - 12. Market power - 13. Adverce selection, signaling, and screening - 14. The principal-agent problem - 15. General equilibrium theory: some examples - 16. Equilibrium and Its basic welfare properties - 17. The positive theory of equilibrium - 18. Some fundations for competitive equilibria - 19. General equilibrium under uncertainty - 20. Equilibrium and time - 21. Social choice theory - 22. Elements of welfare economics and axiomatic bargaining - 23. Incentives and mechanism design | ||
| 942 | _cBK | ||
| 590 | _aniveau_biblio:m niveau_hierar:0 | ||
| 100 | 1 | _aMas-Colell, Andreu | |
| 700 | 1 | _aWhinston, Michael D. | |
| 700 | 1 | _aGreen, Jerry R. | |
| 856 | 4 | 1 |
_uhttps://www.biblioeco.unsa.edu.ar/pmb/images/libros/14652.jpg _yImagen de portada _qimage/jpeg |
| 999 |
_c593 _d593 |
||